Science Quiz

Random Science or Math Quiz

Multiplication Mad Minute Quiz Stats

 Plays Quiz Updated Mar 17, 2020

Support Sporcle.
Go Orange.
Score 0/50 Timer 01:00
1 Play Today
Fact Answer % Correct
5x630
99.4%
9x327
98.2%
3x515
96.3%
0x00
96.1%
2x918
95.9%
7x535
95.3%
7x856
95.2%
2x816
95%
1x55
95%
6x742
94.8%
0x40
93%
9x981
92.9%
6x742
92.6%
4x416
92.1%
5x210
91.8%
2x12
89%
8x648
87.4%
7x963
84.3%
8x864
83.5%
6x424
82.1%
8x540
80.5%
9x436
77.5%
3x26
76.8%
6x742
74%
9x436
71.7%
Fact Answer % Correct
0x30
71.4%
4x28
69.5%
5x735
67.2%
5x525
65.4%
8x432
61.5%
2x12
60.5%
7x428
56.8%
4x832
53.2%
5x00
52.1%
6x848
48.2%
8x972
44.7%
5x420
42.5%
6x742
39.7%
3x412
37.9%
8x756
35.2%
6x954
30.4%
3x721
28.6%
2x918
27%
1x77
25.8%
7x428
23.5%
8x540
21.7%
3x927
19.8%
5x735
18.1%
6x636
16.6%
1x11
16.4%

From the Vault

The Masters: Wire to Wire Winners

by myitbos

Sports 60s
A tradition unlike any other...The Masters
Remove Ads.
Support Sporcle.
Get the best of Sporcle when you Go Orange. This ad-free experience offers more features, more stats, and more fun while also helping to support Sporcle. Thank you for becoming a member.

Show Comments

Extras

Top Quizzes Today


Score Distribution

Your Account Isn't Verified!

In order to create a playlist on Sporcle, you need to verify the email address you used during registration. Go to your Sporcle Settings to finish the process.

Report this User

Report this user for behavior that violates our Community Guidelines.

Details: